000 00623nam a2200181 i 4500
001 93075
003 ES-MaACL
005 20230906181124.0
007 t|
008 050407s1972 sp ||||1| spa d
100 1 _aLohgovoy, C.
_973133
245 1 0 _aRelaciones públicas... /
_cpor C. Lohgovoy, M. Linon; prólogo, revisión y ampliación por Carlos Mª Tomás Bravo; [traducida por Horacio Rodríguez Guarez].
260 _aBarcelona :
_bHispano Europea,
_c1972.
300 _a516 p. ;
_c22 cm.
700 1 _aLinon, M.
_972457
700 1 _aTomás Bravo, Carlos María.
_9110509
852 _aES-MaACL
_jC-42949
_bR.82663
999 _c93075
_d93075